चोर की दाढ़ी में तिनका/ (Record no. 204892)

MARC details
000 -LEADER
fixed length control field 00889nam a22001937a 4500
005 - DATE AND TIME OF LATEST TRANSACTION
control field 20240806153849.0
010 ## - LCCN (DPL NO)
LC control number B-760172 CHHN
020 ## - INTERNATIONAL STANDARD BOOK NUMBER
Terms of availability 350.00
International Standard Book Number 9789392608056
035 ## - SYSTEM CONTROL NUMBER
System control number B-760172
037 ## - SOURCE OF ACQUISITION
Source of stock number/acquisition उपहार
082 ## - DEWEY DECIMAL CLASSIFICATION NUMBER
Classification number
100 ## - MAIN ENTRY--PERSONAL NAME
Personal name जैन, आनन्द प्रकाश
245 ## - TITLE STATEMENT
Title चोर की दाढ़ी में तिनका/
Statement of responsibility, etc आनन्द प्रकाश जैन
260 ## - PUBLICATION, DISTRIBUTION, ETC. (IMPRINT)
Place of publication, distribution, etc दिल्ली
Name of publisher, distributor, etc फ्रंट पेज पब्लिशर्स
Date of publication, distribution, etc 2022
270 ## - ADDRESS
Address 1376, सेकंड फलोर, कश्मीरी गेट,
City दिल्ली
Postal code 110006
300 ## - PHYSICAL DESCRIPTION
Extent 48पृ.
Dimensions 24सेमी (सजिल्द)
Other physical details सचित्र
942 ## - ADDED ENTRY ELEMENTS (KOHA)
Source of classification or shelving scheme Dewey Decimal Classification
Item type Children Books
Classification part
Call number suffix जैनआ
Holdings
Withdrawn status Lost status Not for loan Collection code Home library Current library Date acquired Source of acquisition Cost, normal purchase price Full call number Barcode Copy number Cost, replacement price Koha item type Public note
      Fiction Kadipur Kadipur 06/08/2024 उपहार/6.08.2024 350.00 क जैनआ B-760172 1 350.00 Children Books उपहार

© Delhi Public Library
Hit Counter
free hit counter